000 00613nam a2200241Ia 4500
003 OSt
005 20220924133529.0
006 a|||||r|||| 00| 0
007 ta
008 220923b |||||||| |||| 00| 0 urd d
024 _a266672
037 _cTextual
040 _aARTS
_cARTS
_burd
041 _2urd
_aurd
082 _aO168,1K57x, N27
100 _aAli Ehsan
_9206726
245 0 _aKulliyat e Wali
260 _c1927
650 _aURDU LITERATURE
700 _a Ehsan Amrovi
_9206727
942 _hO168,1K57x, N27
_cTEXL
_2CC
999 _c434181
_d434181